000 004570000a22001690004500
003 MACL
005 20151227153914.0
008 151227b xxu||||| |||| 00| 0 eng d
040 _aMACL
_cMACL
041 _aEnglish
082 _a050/NAR
100 _aNaidu, B V Narayanaswami
_923051
245 _aJournal of The Annamalai University
260 _bThe University Annamalainagar
_c1935
650 _aGeneral Publication
_923454
942 _cBK
_k050/NAR
_2ddc
999 _c34896
_d34896